=LDR 00000nam 2200000 4500 =001 INLIS000000000043271 =005 20131008103021 =008 ************************************* =035 ##$$0010-101300000001193 =245 ##$$a Ma'rifatullah, mengenal Allah lewat akal =260 ##$$a 2004 $b Jakarta =850 ##$$a NBPNMAT